00311nam a2200121Ia 4500008004100000100002600041245005100067260002900118300000800147650001000155942000700165999001700172190216s9999||||xx |||||||||||||| ||und|| aKeshari Nathan Shukla 0aHindi Nature Enviornment Problems And Solution bNavadeep Prakashanc2009 a168 aHindi cBK c16632d16632